World Aluminium : A Metal Bulletin Databook
Salvato in:
| Natura: | Libro |
|---|---|
| Lingua: | inglese |
| Pubblicazione: |
London :
DPA,
1990
|
| Edizione: | 2.Ed. |
| Soggetti: | |
| Tags: |
Nessun Tag, puoi essere il primo ad aggiungerne!!
|
MARC
| LEADER | 00000nam a22000003a 4500 | ||
|---|---|---|---|
| 001 | stu38353 | ||
| 005 | 20150408180710.4 | ||
| 008 | 921014s1990----uk------------------eng-d | ||
| 020 | |a 0-947671-38-2 | ||
| 040 | |a STU |b slo | ||
| 041 | 0 | |a eng | |
| 044 | |a uk | ||
| 080 | |a 669.71(035) | ||
| 245 | |a World Aluminium : |b A Metal Bulletin Databook | ||
| 250 | |a 2.Ed. | ||
| 260 | |a London : |b DPA, |c 1990 | ||
| 300 | |a 538 s | ||
| 650 | 7 | |a hliník |2 stusub | |
| 650 | 7 | |a príručky |2 stusub | |
| 996 | |b 284M023073 |c M*8114-1 |l MMKN |s A |a 24 |w stu38353_0001 | ||